Horror Films - Sudden Death - Statistics

General Stats
  • This quiz has been taken 3,866 times
    981 since last reset
  • The average score is 11 of 15
Answers on the Grid
Answers color-coded by a green-red scale on the quiz's grid according to % correct below.
Mannequin
The Darjeeling Limited
Betsy's Wedding
The Shining
Pretty in Pink
Saw
American Psycho
The Exorcist
The Ring
The Omen
Sleepy Hollow
Palm Springs
The Birds
The China Syndrome
Train to Busan
Marvin's Room
St. Elmo's Fire
City Slickers
Psycho
28 Years Later
Rosemary's Baby
Blue Thunder
Cocoon
Things Change
Freddy vs. Jason
Jeepers Creepers
Van Helsing
Stag
Coupe de Ville
Forget Paris
 
Answer Stats
Answer % Correct
The Exorcist
88%
Saw
85%
The Shining
85%
Psycho
84%
American Psycho
80%
The Ring
80%
Freddy vs. Jason
77%
28 Years Later
76%
The Omen
71%
Jeepers Creepers
69%
Rosemary's Baby
59%
Sleepy Hollow
59%
The Birds
57%
Train to Busan
54%
Van Helsing
49%
No matching quizzes found
Score Distribution
Percent of People with Each Score
Percentile by Number Answered
Your Score History
You have not taken this quiz since the last reset